00373nam a2200121 4500003000900000020001700009040002800026082001000054245004700064260003700111300002700148650007600175CO-ViMGA a978958303711 aCO-ViMGAbspacCO-ViMGA04bA U6210aUne los puntos bNúmeros pares e impares aBogotábPanamericana, c2011.  a64 p. : bil, : 27 cm.14aJuegos para aprender los númerosvSorpresas para descubrir y colorear